00442nam a22001337a 4500003000500000038001800005082000800023100002100031245010300052264003700155650002500192700003400217856005700251NUST aNusrat Nadeem a200 aMinhas, Madeeha  aA comparative analysis of GANS for generating synthetic network traffic datasets /cMadeeha Minhas aIslamabad :bSEECS, NUST,c2022. aMS-Computer Science  aSupervisor: Dr. Syed Taha Ali uhttp://10.250.8.41:8080/xmlui/handle/123456789/29989